Văn hóa học / Viện Văn hóa nghệ thuật Quốc gia Việt Nam
Na minha lista:
| Autor Corporativo: | |
|---|---|
| Formato: | Periódico |
| Idioma: | Vietnamese |
| Publicado em: |
Hà Nội:
,
|
| Assuntos: | |
| Tags: |
Adicionar Tag
Sem tags, seja o primeiro a adicionar uma tag!
|
| Thư viện lưu trữ: | Thư viện Trường Đại học Đà Lạt |
|---|
| LEADER | 00626nam a2200253 4500 | ||
|---|---|---|---|
| 001 | DLU180185433 | ||
| 022 | # | # | |a 1859-4859 |
| 040 | # | # | |a DLU |b vie |
| 041 | # | # | |a vie |
| 245 | # | # | |a Văn hóa học / |b Viện Văn hóa nghệ thuật Quốc gia Việt Nam |
| 260 | # | # | |a Hà Nội: |b , |
| 300 | # | # | |a tr.; |c 25cm |
| 310 | # | # | |a Ba tháng một kỳ |
| 653 | # | # | |a Nghệ thuật |
| 653 | # | # | |a Văn hóa |
| 710 | # | # | |a Bộ Thể thao và Du lịch |
| 994 | # | # | |a DLU |
| 900 | # | # | |a True |
| 911 | # | # | |a Nguyễn Thị Thu Phương |
| 925 | # | # | |a G |
| 926 | # | # | |a A |
| 927 | # | # | |a TT |
| 980 | # | # | |a Thư viện Trường Đại học Đà Lạt |